000 00863nam a2200277 i 4500
001 105947
003 ES-MaACL
005 20250710062727.0
007 t|
008 060913s1956 fr |||| | fre d
080 _a35.07/.08
080 _a32(44)
100 1 _aSauvy, Alfred.
_eaut
_9104042
245 1 3 _aLa bureaucratie /
_cpar Alfred Sauvy.
260 _aParis :
_bPresses Universitaires de France,
_c1956.
300 _a128 p. ;
_c18 cm.
490 1 _aQue sais-je? ;
_v712
650 4 _aBurocracia.
_910646
650 1 4 _aAdministración pública.
_99646
830 0 0 _aQue sais-je?
_v712
_9180931
852 _aES-MaACL
_cDEPO2
_hBiblioteca Juan Andrade
_jAND-906
_9109956
852 _aES-MaACL
_cFICH
_jC-15952/ej.1
_bR.43467
_9144618
903 _921511
_aAndrade, Juan,
_d1897-1981
_ednr
_q1
942 _2udc
_cMONOGRAFIA
_n0
999 _c105947
_d105947